000 00721nam a2200241 a 4500
001 BRCA_5658
005 20190320205154.0
008 220211s1956----enka######---#001-0#eng-#
041 _aeng
044 _aenk
050 4 _aNK2240
_b.W38 1956
100 1 _aWatson, F. J. B.
_914379
245 1 0 _aWallace collection catalogues
_bfurniture
_cF. J. B. Watson.
260 _aLondres
_bW. Clowes
_c1956
300 _a360 p.
_bil., 120 láminas
_c25 cm.
500 _aIncluye índice analítico e índice onomástico
501 _aF130
650 1 4 _aMuebles
_xColeccionistas y colecciones
_910289
650 1 4 _aMuebles
_vCatálogos
_99329
650 1 4 _aColeccionistas y colecciones
_914380
902 _aGFM
942 _2lcc
_cB
999 _c5351
_d5351